000 00593nam a22001937a 4500
005 20251108170742.0
008 250721s1996 xx 000 0 ara d
082 1 4 _aط/812.962/يعق
100 1 _aيعقوب، لوسي
245 1 0 _aالخطوة الواثقة /
264 1 _aالقاهرة :
_bدار الرشاد،
_c1996.
300 _a31ص.
490 0 _aمسرحيات لطفلي
_v5
650 1 7 _aالمسرحيات العربية
653 _aاطفال مرحلة متوسطة (6-9)سنوات
700 1 _aأمين، عمر
_eرسم
942 _2ddc
_cBK
999 _c48145
_d48145